000 00911nam a2200265Ia 4500
003 OSt
005 20220923230958.0
006 a|||||r|||| 00| 0
007 ta
008 220922b |||||||| |||| 00| 0 hin d
024 _a327,494
037 _cTextual
040 _aARTS
_cARTS
_bhin
041 _2hin
_ahin
082 _aO152,3x, P2
100 _aद्विवेदी, मुकुन्द, संपा.
245 0 _aकहानी - संचयन
246 _aKahānī - sanchayana
260 _aगाजियाबाद
_b के. एल. पचौरी प्रकाशन
_c2002
300 _a138पृ.
_ccm.
650 _a हिन्दी साहित्य
_9156264
650 _aहिन्दी कहानी
942 _hO152,3x, P2
_cTEXL
_2CC
999 _c388552
_d388552